00542nam a2200205Ia 4500001000900000003000500009005001700014008004100031010001100072040000900083082001900092100001400111245005500125250001000180260003400190300001100224400002000235500001400255600006700269dia_2788CHAP20251023162340.0220117s1986 xx 000 0 und d a173289 cCHAP a664.1 H83 1986 aHugot, E. aHanbook of Cane Sugar Engineering /c by T. Hugot a3 ed. aAmsterdan :b Elsevier,c1986 a1166P. aSUGAR SERIES, 7 aI. 168576 aAzúcar - fabricación y refinación 2. Industria azucarera